000 00326nam a2200121Ia 4500
008 220204s9999 xx 000 0 und d
082 _a339.18(44)
_bECO
245 0 _aEconomics and commercial reports: France
260 _aNew Delhi
_bMinistry of foreign trade
_c1968
650 _aCommerce
650 _aEconomics
942 _cBK
999 _c22175
_d22175